00748nam a2200253 a 4500001001300000003000900013005001700022008004100039020002300080082001300103100002100116245004900137260005000186300000900236500003500245505001000280650002100290650001800311700002100329902000800350942000700358952011400365999001500479nice12345678IN_TiNIC20260116013059.0050524s1997 cama grp 000 0 eng  a0521784 c50000a331bNAI aNainta, Rish Pal aBonded Labour in Indiab a Socio-Legal Study aCambridge bCambridge University Press c1997 a254p aincludes index and biblioraphy2 aIndex aLabour Economics aBonded Labour1 aNainta, Rish Pal bSRS cBK 001040708StackRoom-aHMIbHMId2007-04-30g500.00l0o331 NAIp018448r2007-04-30v500.00w2005-05-24yBK c9572d9572